000 00284nam a2200109Ia 4500
008 230907s9999||||xx |||||||||||||| ||und||
082 _a4.6782
_bROU
245 4 _aThe basics of cloud computing :
260 _aSyngress,; Elsevier,
_bNew Delhi :
_c2014
300 _a155 p.
942 _cBK
999 _c600466
_d600466